00418cam a2200157ua 45000010005000000080039000050400009000440820013000531000030000662450047000962500009001432600045001523000016001976530019002136530028002322772110909n ii |||gr||||Z||||||asm cMAIN a891.4512 aBharali, Sailen,eAuthor.11aNatak aru asomiya natakcby Sailen Bharali a3rd. aGuahati:bBani prakash pvt. ltd.,c2003. a82p:c23cm. aAssamese drama aNatak aru asomiya natak